| 000 | 03310nam1a2200445 i 4500 | ||
|---|---|---|---|
| 001 | RU\NLR\BIBL_A\016274366 | ||
| 005 | 20260407102653.0 | ||
| 035 | _a(NLR Aleph) 016274366 | ||
| 090 |
_a12896579 _c12896579 |
||
| 100 | _a20230201g19041907k a0rusy50 ca | ||
| 101 | 0 | _arus | |
| 102 | _aRU | ||
| 105 | _a g 000 y | ||
| 181 | 0 |
_ai _baxxe |
|
| 182 | 0 | _an | |
| 200 | 1 |
_aДополнения и поправки к 2-му выпуску Руководства для плавания из Кронштадта во Владивосток и обратно, издания 1901 года. (Переход из Кронштадта до Немецкого моря) _fиздано Главным Гидрографическим Управлением Морского Министерства |
|
| 203 |
_aТекст _bвизуальный _cнепосредственный |
||
| 210 |
_aС.-Петербург _cТипография Морского Министерства, в Главном Адмиралтействе _d1904-1907 |
||
| 215 |
_a3 т. _d23 |
||
| 316 |
_aЭкз. РНБ на шифре 20.48.5.4 (2, доп. 1, 2, 3) сплетены в один переплет _5NLR: 20.48.5.4 (2, доп. 1, 2, 3) |
||
| 422 | 0 |
_12001#$aРуководство для плавания из Кронштадта во Владивосток и обратно$hвып. 2$iПереход от Кронштадта до Немецкого моря$eБалтийское море с Финским и Рижским заливами, Зунд, Бельты, Каттегат, Скагеррак и залив Христания-фиорд _1210##$aС.-Петербург$cПечатня Р. Голике$d1901 _1700#1 _tРуководство для плавания из Кронштадта во Владивосток и обратно _a |
|
| 517 | 1 | _aБалтийское море с Финским и Рижским заливами, Зунд, Бельты, Каттегат, Скагеррак и залив Христания-фиорд | |
| 607 |
_aБалтийское море _xЛоция _91088397 _3RU\NLR\AUTH\66107573 |
||
| 607 |
_aФинский залив (Балтийское море) _xЛоция _91081713 _3RU\NLR\AUTH\66104059 |
||
| 607 |
_aРижский залив (Балтийское море) _xПравила плавания _91528896 _3RU\NLR\AUTH\66966995 |
||
| 607 |
_aЗунд, пролив _xЛоция _91142948 _3RU\NLR\AUTH\66455250 |
||
| 607 |
_aБельты, пролив _xЛоция _91121329 _3RU\NLR\AUTH\66124529 |
||
| 607 |
_aКаттегат, пролив _xЛоция _91290395 _3RU\NLR\AUTH\66533318 |
||
| 607 |
_aСкагеррак, пролив _xЛоция _91630668 _3RU\NLR\AUTH\661018559 |
||
| 607 |
_aНорвежское море _xЛоция _yНорвежское побережье _91793138 _3RU\NLR\AUTH\66807121 |
||
| 620 |
_aRU _bСанкт-Петербург |
||
| 686 | 1 | _aО471.12,1(922.04) | |
| 686 | 1 | _aО471.12,1(922.05) | |
| 686 | 1 | _aО471.12,1(922.06) | |
| 686 | 1 | _aО471.12,1(922.13) | |
| 686 | 1 | _aО471.12,1(915.33) | |
| 711 | 0 | 1 |
_aРоссия _bГлавное гидрографическое управление _3RU\NLR\AUTH\889931037 _9357546 |
| 852 |
_aNLR _j20.48.5.4 (2, доп. 1, 2, 3) |
||
| 942 | _cBOOK | ||